| 000 | 00898nam a2200241 i 4500 | ||
|---|---|---|---|
| 001 | 14770 | ||
| 003 | ES-MaACL | ||
| 005 | 20230906150902.0 | ||
| 007 | t| | ||
| 008 | 990602s1999 sp a |||| | spa d | ||
| 080 | _a791.43.02(064.3) | ||
| 245 | 0 | 0 |
_aConstructores de quimeras _b: directores artísticos del cine español : [exposición] Centro Cultural Conde Duque, Madrid, 12 abril-13 junio 1999. |
| 260 |
_aMadrid : _bFilmoteca Española, _c1999. |
||
| 300 |
_a90 p. : _bprincipalmente il. ; _c23 x 31 cm. |
||
| 650 | 4 |
_aCine- _xEscenografía- _vExposiciones. _911024 |
|
| 650 |
_aDirectores artísticos de cine- _zEspaña- _vExposiciones. _911924 |
||
| 655 | 7 |
_2tgfbne _9193628 _aCatálogos de exposiciones |
|
| 710 | 2 |
_aCentro Cultural del Conde Duque. _92579 |
|
| 710 | 2 |
_aFilmoteca Española. _94128 |
|
| 852 |
_aES-MaACL _jL-21905 |
||
| 942 | _2udc | ||
| 999 |
_c14770 _d14770 |
||